Before Stonewall : the making of a gay and lesbian community /

Spremljeno u:
Bibliografski detalji
Glavni autori: Weiss, Andrea L. (Autor), Schiller, Greta (Autor)
Format: Knjiga
Jezik:engleski
Izdano: [S.l.] : Naiad press, 1988
Oznake: Dodaj oznaku
Bez oznaka, Budi prvi tko označuje ovaj zapis!

MARC

LEADER 00000nam a22000007i 4500
001 IT\ICCU\UTO\1401398
003 ItRI
005 20251010114144.0
008 210712s1988 xxu|||||| ||||| |||||c
020 |a 0941483207 
040 |b ita  |c ct 
041 7 |a eng  |2 ISO-639-2 
100 1 |a Weiss, Andrea L.  |0 IT\ICCU\TO0V\566964  |4 aut 
245 1 0 |a Before Stonewall :  |b the making of a gay and lesbian community /  |c [by Andrea Weiss & Greta Schiller]. 
260 |a [S.l.] :  |b Naiad press,  |c 1988 
300 |a 86 p. :  |b ill. ;  |c 22 cm. 
700 1 |a Schiller, Greta  |0 IT\ICCU\UBOV\756580  |4 aut 
942 |2 ddc  |c BK 
952 |0 0  |1 0  |2 ddc  |4 0  |6 B_SST03WEIANBEF11  |7 0  |9 7041  |a MI  |b MI  |d 1988-09-07  |i 1532  |l 0  |o B-SST03-WEIAN-BEF11  |p CDOM1532  |r 2025-07-13 16:28:00  |w 2025-07-13  |x DONO  |y BK 
981 1 |6 z01  |a i   |b xxxe  
982 1 |6 z01  |a n 
999 |c 5755  |d 5755